Animales Aleatorios del Mundo - Estadísticas

Estadísticas generales
  • Esta prueba ha sido intentada 315 veces
  • La puntuación promedio es 19 de 25
Estadísticas de respuestas
Imagen Respuesta % Correcto
Águila
100%
Ardilla
100%
Caimán
100%
Canguro
100%
Colibrí
100%
Elefante
100%
Estrella de mar
100%
Foca
100%
Gorila
100%
Lechuza
100%
León
100%
Oveja
100%
Pájaro carpintero
100%
Paloma
100%
Pato
100%
Polilla
100%
Oso pardo
97%
Araña
96%
Camaleón
96%
Ciervo
96%
Cocodrilo
96%
Ganso
96%
Gusano
96%
Jirafa
96%
Morsa
96%
Orangután
96%
Oso panda
96%
Perro
96%
Tiburón
96%
Vaca
96%
Alce
95%
Gallina
95%
Libélula
95%
Mapache
95%
Medusa
95%
Pavo
95%
Pez payaso
95%
Sapo
95%
Tigre
95%
Babosa
94%
Ballena
94%
Búho
94%
Chimpancé
94%
Lince
94%
Oso polar
94%
Rinoceronte
94%
Salamandra
94%
Avestruz
93%
Camello
93%
Delfín
93%
Flamenco
93%
Guacamayo
93%
Tortuga terrestre
93%
Gato
92%
Jabalí
92%
Lemur
92%
Mosquito
92%
Pingüino
92%
Castor
91%
Mariquita
91%
Orca
91%
Perezoso
91%
Zorrillo
91%
Avispa
90%
Caballito de mar
90%
Cebra
90%
Cucaracha
90%
Mantarraya
90%
Serpiente
90%
Escorpión
89%
Hámster
89%
Hipopótamo
89%
Lobo
89%
Mosca
89%
Murciélago
89%
Nutria
89%
Caballo
88%
Cabra
88%
Caracol
88%
Gaviota
88%
Koala
88%
Llama
88%
Mariposa
88%
Ornitorrinco
88%
Pez globo
88%
Rana
88%
Tortuga marina
88%
Tucán
88%
Zorro
88%
Bisonte
87%
Conejo
87%
Oso hormiguero
87%
Pavo real
87%
Armadillo
86%
Atún
86%
Escarabajo
86%
Leopardo
86%
Mantis
86%
Calamar
85%
Cerdo
85%
Erizo de mar
85%
Guepardo
85%
Humano
85%
Langosta
85%
Pulga
85%
Pulpo
85%
Erizo
84%
Saltamontes
84%
Abeja
83%
Cisne
83%
Hiena
83%
Puma
83%
Cangrejo
82%
Mono
82%
Carpincho
80%
Coyote
80%
Mejillón
80%
Beluga
79%
Hurón
79%
Kiwi
79%
Cuervo
78%
Piojo
78%
Luciérnaga
77%
Topo
77%
Hormiga
76%
Jaguar
76%
Puercoespín
76%
Rata
76%
Camarón
75%
Salmón
74%
Anguila
73%
Búfalo
73%
Cuy
73%
Ñu
73%
Panda rojo
73%
Suricata
73%
Dragón de komodo
72%
Anémona de mar
71%
Dromedario
71%
Pez espada
71%
Sanguijuela
71%
Coral
70%
Sardina
70%
Alpaca
69%
Buitre
69%
Garrapata
69%
Ratón
68%
Iguana
67%
Lagartija
67%
Pez luna
66%
Pez dorado
65%
Ajolote
64%
Piraña
64%
Demonio de Tasmania
63%
Gacela
63%
Halcón
60%
Tejón
60%
Almeja
59%
Garza
59%
Manatí
57%
Canario
56%
Percebe
56%
Termita
56%
Emú
55%
Koi
54%
Dragón barbudo
52%
Marmota
52%
Pangolín
52%
Pelícano
52%
Pepino de mar
52%
Ciempiés
50%
Gecko
50%
Golondrina
50%
Grillo
50%
Oníscideo
50%
Picozapato
50%
Tapir
50%
Wombat
50%
Chinchilla
48%
Elefante marino
48%
Narval
48%
Lobo marino
46%
Cóndor
45%
Zarigüeya
45%
Clamidosaurio
44%
Comadreja
44%
Yak
44%
Frailecillo
43%
Musaraña
43%
Codorniz
40%
Jerbo
39%
Nautilo
39%
Okapi
39%
Equidna
33%
Gorrión
33%
Grulla
33%
Tardígrado
33%
Casuario
32%
Esponja
31%
Lamprea
31%
Cangrejo herradura
30%
Cormorán
26%
Ñandú
25%
Quokka
20%
Opilión
17%
Quetzal
17%
Marsopa
16%
Guanaco
14%
Tuátara
7%
Zorzal
0%
No se encontraron pruebas coincidentes
Distribución de puntuación
Porcentaje de gente con cada puntuación
Porcentaje por número respondido
Historial de tus puntuaciones
No has intentado esta prueba.